[Event "Ruhrgebiet Verbandsliga Gruppe 1 1415"]
[Site "Germany"]
[Date "2014.10.19"]
[Round "2"]
[White "Aulich, Marcell"]
[Black "Korber, Markus"]
[Result "1/2-1/2"]
[WhiteElo "2158"]
[BlackElo "1947"]
[PlyCount "20"]
[EventDate "2014.09.21"]
[EventType "team-tourn"]
[EventRounds "9"]
[EventCountry "GER"]
[SourceTitle "EXT 2022"]
[Source "ChessBase"]
[SourceDate "2021.10.06"]
[SourceVersion "1"]
[SourceVersionDate "2021.10.06"]
[SourceQuality "1"]
[WhiteTeam "Horst Emscher"]
[BlackTeam "Steele/Kray Rochade"]
[WhiteTeamCountry "GER"]
[BlackTeamCountry "GER"]

1. d4 d5 2. c4 dxc4 3. e4 e5 4. Nf3 Bb4+ 5. Nc3 exd4 6. Nxd4 Qe7 7. Be2 Nf6 8. Bg5 Bxc3+ 9. bxc3 0-0 10. 0-0 Rd8 1/2-1/2

[Event "Unna op"]
[Site "Unna"]
[Date "2012.12.30"]
[Round "7"]
[White "Aulich, Marcell"]
[Black "Voicu Jagodzinsky, Carmen"]
[Result "0-1"]
[WhiteElo "2136"]
[BlackElo "2281"]
[PlyCount "76"]
[EventDate "2012.12.27"]
[EventType "swiss"]
[EventRounds "7"]
[EventCountry "GER"]
[SourceTitle "CBM 152 Extra"]
[Source "ChessBase"]
[SourceDate "2013.02.25"]
[SourceVersion "1"]
[SourceVersionDate "2013.02.25"]
[SourceQuality "1"]

1. e4 c5 2. Nf3 e6 3. d4 cxd4 4. Nxd4 a6 5. Nc3 Qc7 6. Be3 Bb4 7. Nde2 Nf6 8. a3 Be7 9. Nf4 Nc6 10. Be2 b5 11. 0-0 Bb7 12. Nd3 d6 13. f4 0-0 14. Qe1 Na5 15. e5 Nd7 16. Qg3 Nc4 17. Bd4 dxe5 18. fxe5 Nc5 19. Rf4 Rad8 20. Kh1 Rd7 21. Rg4 g6 22. Bxc5 Bxc5 23. Nxc5 Qxc5 24. Bxc4 bxc4 25. Qf4 Qb6 26. Na4 Qb5 27. Qxc4 Qxe5 28. Rg1 Rc8 29. Qb3 Qe2 30. Qg3 Qxc2 31. Nb6 Rd3 32. Qe5 Rcd8 33. Nc4 Bxg2+ 34. R4xg2 Qxc4 35. Qf6 Qe4 36. Rf1 R8d7 37. h4 Rh3+ 38. Kg1 Rxh4 0-1

[Event "Unna op"]
[Site "Unna"]
[Date "2012.12.27"]
[Round "1"]
[White "Reininghaus, Dennis"]
[Black "Aulich, Marcell"]
[Result "0-1"]
[WhiteElo "1551"]
[BlackElo "2136"]
[PlyCount "46"]
[EventDate "2012.12.27"]
[EventType "swiss"]
[EventRounds "7"]
[EventCountry "GER"]
[SourceTitle "CBM 152 Extra"]
[Source "ChessBase"]
[SourceDate "2013.02.25"]
[SourceVersion "1"]
[SourceVersionDate "2013.02.25"]
[SourceQuality "1"]

1. d4 d5 2. Nf3 Nf6 3. c4 c6 4. Nc3 dxc4 5. e3 b5 6. a4 b4 7. Na2 e6 8. Bxc4 Be7 9. 0-0 0-0 10. Ne5 Bb7 11. Qb3 Qd6 12. f4 Nbd7 13. Bd2 a5 14. Rfd1 c5 15. Be1 Nxe5 16. dxe5 Qc6 17. Qc2 Nd5 18. Bxd5 exd5 19. Kf1 f6 20. exf6 Bxf6 21. Nc1 Rae8 22. Nb3 Rc8 23. Nxa5 Qa6+ 0-1

[Event "Ruhrgebiet Regionalliga 1213"]
[Site "Nordrheinwestfalen"]
[Date "2012.11.04"]
[Round "3.2"]
[White "Aulich, Marcell"]
[Black "Jaring, Thorsten"]
[Result "1/2-1/2"]
[WhiteElo "2090"]
[BlackElo "1918"]
[PlyCount "81"]
[EventDate "2012.09.09"]
[EventType "team-tourn"]
[EventRounds "9"]
[EventCountry "GER"]
[SourceTitle "EXT 2020"]
[Source "ChessBase"]
[SourceDate "2019.10.17"]
[SourceVersion "1"]
[SourceVersionDate "2019.10.17"]
[SourceQuality "1"]
[WhiteTeam "Horst Emscher"]
[BlackTeam "Recklinghausen Laeufer Ost"]
[WhiteTeamCountry "GER"]
[BlackTeamCountry "GER"]

1. e4 d5 2. exd5 Qxd5 3. Nc3 Qa5 4. d4 c6 5. Nf3 Nf6 6. Bc4 Bg4 7. h3 Bh5 8. g4 Bg6 9. Ne5 e6 10. h4 Be4 11. Rh3 b5 12. Bd2 Qb6 13. Nxe4 Nxe4 14. Qf3 Nd6 15. Bb3 Qxd4 16. Nxc6 Qe4+ 17. Qxe4 Nxe4 18. Nd4 Nxd2 19. Kxd2 a6 20. a4 Bc5 21. Rd3 b4 22. f4 0-0 23. Ke2 Ra7 24. Rad1 Rd7 25. Nf3 Rfd8 26. Ne5 Rxd3 27. Rxd3 Rxd3 28. Nxd3 Be7 29. h5 Nc6 30. Ke3 Bd8 31. Bc4 Bb6+ 32. Ke4 a5 33. c3 bxc3 34. bxc3 Kf8 35. Bb5 Nd8 36. Ne5 Ke7 37. Nc6+ Nxc6 38. Bxc6 f6 39. f5 Kd6 40. Be8 e5 41. Bb5 1/2-1/2

[Event "Ruhrgebiet Regionalliga 1213"]
[Site "Nordrheinwestfalen"]
[Date "2012.09.09"]
[Round "1.2"]
[White "Aulich, Marcell"]
[Black "Hillenbrand, Michael"]
[Result "1/2-1/2"]
[WhiteElo "2090"]
[BlackElo "2193"]
[PlyCount "79"]
[EventDate "2012.09.09"]
[EventType "team-tourn"]
[EventRounds "9"]
[EventCountry "GER"]
[SourceTitle "EXT 2020"]
[Source "ChessBase"]
[SourceDate "2019.10.17"]
[SourceVersion "1"]
[SourceVersionDate "2019.10.17"]
[SourceQuality "1"]
[WhiteTeam "Horst Emscher"]
[BlackTeam "Weisse Dame Borbeck"]
[WhiteTeamCountry "GER"]
[BlackTeamCountry "GER"]

1. e4 g6 2. d4 Bg7 3. Nc3 d6 4. f4 c6 5. Nf3 Bg4 6. Be3 b5 7. h3 Bxf3 8. Qxf3 Nd7 9. Bd3 Nb6 10. 0-0 Nf6 11. e5 Nfd5 12. Nxd5 Nxd5 13. Bxb5 cxb5 14. Qxd5 0-0 15. c3 Qb6 16. Qe4 Rac8 17. Rf2 e6 18. Qf3 d5 19. g4 f5 20. g5 Rf7 21. a3 a5 22. h4 Rfc7 23. Qe2 Rc4 24. Qd1 Bf8 25. h5 Qc6 26. hxg6 hxg6 27. Rh2 Rc7 28. Qf1 Rh7 29. Rxh7 Kxh7 30. Bd2 Kg8 31. Qh3 Qb7 32. Kf2 Rc7 33. Rh1 Rg7 34. Qh8+ Kf7 35. Qh3 Qc6 36. Qd3 a4 37. Rh8 Qc4 38. Qxc4 bxc4 39. Bc1 Rg8 40. Rxg8 1/2-1/2

[Event "Dortmund Sparkassen op-A"]
[Site "Dortmund"]
[Date "2010.07.18"]
[Round "2"]
[White "Krueger, Erich"]
[Black "Aulich, Marcell"]
[Result "0-1"]
[WhiteElo "2255"]
[BlackElo "2102"]
[PlyCount "52"]
[EventDate "2010.07.17"]
[EventType "swiss"]
[EventRounds "9"]
[EventCountry "GER"]
[SourceTitle "CBM 137 Extra"]
[Source "ChessBase"]
[SourceDate "2010.09.01"]
[SourceVersion "1"]
[SourceVersionDate "2010.09.01"]
[SourceQuality "1"]

1. d4 d5 2. c4 c6 3. Nf3 Nf6 4. Qc2 e6 5. e3 Nbd7 6. Nc3 Bd6 7. Bd3 0-0 8. 0-0 dxc4 9. Bxc4 Qe7 10. e4 e5 11. d5 Nb6 12. Bb3 cxd5 13. exd5 Bg4 14. Bg5 Bxf3 15. gxf3 h6 16. Bh4 g5 17. Kh1 Nh5 18. Rg1 f5 19. Nb5 Rac8 20. Qd2 Nf4 21. Bxg5 hxg5 22. Nxd6 Qxd6 23. Rxg5+ Kh8 24. Rag1 Rc7 25. R1g3 Rh7 26. Qd1 Nh3 0-1

[Event "Oberhausen op"]
[Site "Oberhausen"]
[Date "2010.04.02"]
[Round "2"]
[White "Aulich, Marcell"]
[Black "Zatonskih, Anna"]
[Result "1/2-1/2"]
[WhiteElo "2052"]
[BlackElo "2466"]
[PlyCount "31"]
[EventDate "2010.04.01"]
[EventType "swiss"]
[EventRounds "7"]
[EventCountry "GER"]
[SourceTitle "CBM 135 Extra"]
[Source "ChessBase"]
[SourceDate "2010.05.04"]
[SourceVersion "1"]
[SourceVersionDate "2010.05.04"]
[SourceQuality "1"]

1. e4 c6 2. d4 d5 3. e5 c5 4. dxc5 Nc6 5. Nf3 Bg4 6. c3 e6 7. Be3 Nge7 8. Bb5 a6 9. Ba4 Qc7 10. Bd4 Ng6 11. Nbd2 0-0-0 12. Bxc6 Qxc6 13. b4 f6 14. h3 Bxf3 15. Nxf3 Qc7 16. Qe2 1/2-1/2